Cuando el Estado aplasta (Registro nro. 158740)

Detalles MARC
000 -LEADER
fixed length control field 00871nam a22002057a 4500
005 - DATE AND TIME OF LATEST TRANSACTION
control field 20211126093637.0
008 - FIXED-LENGTH DATA ELEMENTS--GENERAL INFORMATION
fixed length control field 211109b mx ||||| |||| 00| 0 spa d
020 ## - INTERNATIONAL STANDARD BOOK NUMBER
International Standard Book Number 9786077876472
050 04 - LIBRARY OF CONGRESS CALL NUMBER
Classification number HV6535.M62
Item number O29 2017
245 00 - TITLE STATEMENT
Title Cuando el Estado aplasta
Remainder of title : informe de la Comisión de la Verdad sobre los crímenes de lesa humanidad contra el pueblo oaxaqueño en 2006 y 2007 (versión popular)
Statement of responsibility, etc / edición y selección Diego Enrique Osorno
250 ## - EDITION STATEMENT
Edition statement 1a ed.
260 ## - PUBLICATION, DISTRIBUTION, ETC. (IMPRINT)
Place of publication, distribution, etc Ciudad de México :
Name of publisher, distributor, etc Ediciones Proceso,
Date of publication, distribution, etc 2017
300 ## - PHYSICAL DESCRIPTION
Extent 324 p. ;
Dimensions 23 cm.
650 #7 - SUBJECT ADDED ENTRY--TOPICAL TERM
Source of heading or term lemb
Topical term or geographic name as entry element Asesinato masivo
Geographic subdivision Oaxaca (México)
650 #7 - SUBJECT ADDED ENTRY--TOPICAL TERM
Source of heading or term lemb
Topical term or geographic name as entry element Asesinatos en serie
Geographic subdivision Oaxaca (México)
650 #7 - SUBJECT ADDED ENTRY--TOPICAL TERM
Source of heading or term lemb
Topical term or geographic name as entry element Corrupción política
Geographic subdivision Oaxaca (México)
651 #0 - SUBJECT ADDED ENTRY--GEOGRAPHIC NAME
Geographic name Oaxaca (México)
General subdivision Política y gobierno
Chronological subdivision Siglo XXI
700 1# - ADDED ENTRY--PERSONAL NAME
Personal name Osorno, Diego Enrique
Relator term editor
942 ## - ADDED ENTRY ELEMENTS (KOHA)
Source of classification or shelving scheme Biblioteca del Cogreso de los Estados Unidos
Koha item type Libro
Existencias
Estado de pérdida Fuente de clasificación Estado del daño No para préstamo Ubicación permanente Ubicación actual Apartado o colección Fecha de adquisición Fuente de adquisición Edición Área del conocimiento Clasificación Código de Barras Date last seen Número de copia Costo por reposición Tipo de recurso
  Biblioteca del Cogreso de los Estados Unidos     Biblioteca Pública Universitaria Biblioteca Pública Universitaria General 09/11/2021 Donación 1a ed Ciencias Sociales y Administrativas HV6535.M62 O29 2017 BPU000000907 09/11/2021 1 1.00 Libro